[Event "Peterhof-C"]
[Site "Peterhof"]
[Date "2009.01.18"]
[Round "7"]
[White "Gusev, Vladimir A"]
[Black "Skurygin, Anton"]
[Result "1/2-1/2"]
[WhiteElo "2400"]
[BlackElo "2319"]
[PlyCount "20"]
[EventDate "2009.01.13"]
[EventType "tourn"]
[EventRounds "9"]
[EventCountry "RUS"]
[EventCategory "2"]
[SourceTitle "EXT 2010"]
[Source "ChessBase"]
[SourceDate "2010.11.25"]
[SourceVersion "1"]
[SourceVersionDate "2010.11.25"]
[SourceQuality "1"]

1. e4 c5 2. Nf3 Nc6 3. Bb5 g6 4. 0-0 Bg7 5. Re1 e5 6. c3 Nge7 7. d3 0-0 8. Nbd2 d6 9. Nf1 h6 10. Bc4 Kh7 1/2-1/2

[Event "Peterhof-C"]
[Site "Peterhof"]
[Date "2009.01.17"]
[Round "5"]
[White "Gusev, Vladimir A"]
[Black "Pesotsky, Vitaly"]
[Result "1/2-1/2"]
[WhiteElo "2400"]
[BlackElo "2343"]
[PlyCount "93"]
[EventDate "2009.01.13"]
[EventType "tourn"]
[EventRounds "9"]
[EventCountry "RUS"]
[EventCategory "2"]
[SourceTitle "EXT 2010"]
[Source "ChessBase"]
[SourceDate "2010.11.25"]
[SourceVersion "1"]
[SourceVersionDate "2010.11.25"]
[SourceQuality "1"]

1. e4 Nf6 2. e5 Nd5 3. c4 Nb6 4. b3 c5 5. Bb2 d5 6. exd6 Qxd6 7. Nf3 Nc6 8. d4 cxd4 9. Nxd4 Bd7 10. Be2 e5 11. Nxc6 Bxc6 12. 0-0 Rd8 13. Qc2 Be7 14. Rd1 Qf6 15. Rxd8+ Bxd8 16. b4 Na4 17. Nc3 Nxb2 18. Qxb2 Qg6 19. Bf1 0-0 20. Re1 Qd6 21. Rd1 Qe7 22. b5 Bd7 23. Nd5 Qg5 24. Qa3 Bg4 25. Re1 Be6 26. Qxa7 b6 27. Qb8 Bxd5 28. cxd5 e4 29. d6 Qd5 30. Rc1 e3 31. fxe3 Qd2 32. Qc8 Qxe3+ 33. Kh1 h5 34. d7 h4 35. Qc3 Qe6 36. Rd1 Qxa2 37. Bc4 Qf2 38. Rf1 Qc5 39. Qd3 Qe7 40. Qd5 g6 41. Qd2 h3 42. Qd5 hxg2+ 43. Qxg2 Kg7 44. Qb2+ f6 45. Qa2 Qxd7 46. Rg1 g5 47. Ra1 1/2-1/2

[Event "Peterhof-C"]
[Site "Peterhof"]
[Date "2009.01.16"]
[Round "4"]
[White "Pakhomov, Egor"]
[Black "Gusev, Vladimir A"]
[Result "1/2-1/2"]
[WhiteElo "2240"]
[BlackElo "2400"]
[PlyCount "66"]
[EventDate "2009.01.13"]
[EventType "tourn"]
[EventRounds "9"]
[EventCountry "RUS"]
[EventCategory "2"]
[SourceTitle "EXT 2010"]
[Source "ChessBase"]
[SourceDate "2010.11.25"]
[SourceVersion "1"]
[SourceVersionDate "2010.11.25"]
[SourceQuality "1"]

1. d4 d5 2. Nf3 Nf6 3. c4 e6 4. Nc3 Be7 5. e3 0-0 6. Bd3 b6 7. 0-0 Bb7 8. cxd5 exd5 9. b3 Nbd7 10. Bb2 Ne4 11. Rc1 Nxc3 12. Rxc3 Bd6 13. Qe2 a6 14. Ne5 Qe8 15. Rc2 f6 16. Nxd7 Qxd7 17. Qh5 f5 18. g3 a5 19. a4 Ba6 20. Bxa6 Rxa6 21. Qf3 Qe6 22. Ra1 Rc8 23. Rc6 Qe4 24. Qe2 Ra7 25. Ba3 Bxa3 26. Rxa3 Re8 27. Ra1 Qxd4 28. Rd1 Qe5 29. Qf3 Rd8 30. Rd4 Raa8 31. Qf4 Qxf4 32. Rxf4 Rd7 33. Rxf5 Rf8 1/2-1/2

[Event "RUS-ch Seniors"]
[Site "Odintsovo"]
[Date "2008.10.09"]
[Round "7"]
[White "Gusev, Vladimir A"]
[Black "Bojarinov, Victor A"]
[Result "0-1"]
[WhiteElo "2405"]
[BlackElo "2307"]
[PlyCount "56"]
[EventDate "2008.10.02"]
[EventType "swiss"]
[EventRounds "9"]
[EventCountry "RUS"]
[SourceTitle "CBM 127 Extra"]
[Source "ChessBase"]
[SourceDate "2009.01.08"]
[SourceVersion "2"]
[SourceVersionDate "2009.01.28"]
[SourceQuality "1"]

1. e4 e5 2. Nc3 Nf6 3. Bc4 Nc6 4. d3 Na5 5. Bb3 Nxb3 6. axb3 d5 7. exd5 Nxd5 8. Qh5 Nb4 9. Qxe5+ Be7 10. Qe2 0-0 11. Nf3 Bg4 12. Be3 Bxf3 13. gxf3 f5 14. 0-0-0 a5 15. Rhg1 Bf6 16. d4 c6 17. Bf4 Re8 18. Be5 Kh8 19. f4 b5 20. Rg3 a4 21. bxa4 Nd5 22. Qh5 Nxc3 23. Rxc3 g6 24. Qg5 Rxe5 25. dxe5 Bxg5 26. Rxd8+ Bxd8 27. Rxc6 bxa4 28. Kd2 Kg8 0-1

[Event "RUS-ch Seniors"]
[Site "Odintsovo"]
[Date "2008.10.07"]
[Round "5"]
[White "Gusev, Vladimir A"]
[Black "Sabaev, Evgueni"]
[Result "1/2-1/2"]
[WhiteElo "2405"]
[BlackElo "2243"]
[PlyCount "109"]
[EventDate "2008.10.02"]
[EventType "swiss"]
[EventRounds "9"]
[EventCountry "RUS"]
[SourceTitle "CBM 127 Extra"]
[Source "ChessBase"]
[SourceDate "2009.01.08"]
[SourceVersion "2"]
[SourceVersionDate "2009.01.28"]
[SourceQuality "1"]

1. e4 e6 2. Bb5 a6 3. Ba4 c5 4. c3 b5 5. Bc2 Bb7 6. Nf3 d5 7. e5 d4 8. Qe2 Nc6 9. d3 Nge7 10. Bf4 Nd5 11. Bd2 Be7 12. a4 b4 13. c4 Nc7 14. Bf4 Qd7 15. Nbd2 0-0-0 16. Ne4 h6 17. Bg3 Ne8 18. h4 f5 19. Ned2 g6 20. Nb3 Ng7 21. Bf4 Nh5 22. Bd2 Rdg8 23. 0-0-0 Qd8 24. Rh2 Ng7 25. Rdh1 Na5 26. Nxa5 Qxa5 27. Kb1 Bc6 28. Qd1 Ne8 29. Qc1 Bf8 30. b3 Qd8 31. Bd1 Bg7 32. Bf4 Nc7 33. Ne1 Na8 34. Bf3 Qd7 35. Qd1 Qb7 36. a5 Bxf3 37. Qxf3 Bf8 38. Qxb7+ Kxb7 39. Nf3 Be7 40. Kc2 Nc7 41. Rg1 Ne8 42. Kd2 Bd8 43. Ra1 Ng7 44. Ke2 Bc7 45. g3 Rf8 46. Rg2 Kc6 47. Bd2 Kd7 48. Rh1 Rf7 49. g4 f4 50. h5 g5 51. Ra1 Rg8 52. Rgg1 Rgf8 53. Ra4 Rb8 54. Re1 Ke8 55. Kf1 1/2-1/2

[Event "Serpukhov-A"]
[Site "Serpukhov"]
[Date "2004.09.02"]
[Round "11"]
[White "Gusev, Vladimir A"]
[Black "Askarov, Marat"]
[Result "1-0"]
[WhiteElo "2350"]
[BlackElo "2297"]
[PlyCount "63"]
[EventDate "2004.08.26"]
[EventType "tourn"]
[EventRounds "17"]
[EventCountry "RUS"]
[EventCategory "6"]
[SourceTitle "EXT 2006"]
[Source "ChessBase"]
[SourceDate "2005.11.24"]
[SourceVersion "1"]
[SourceVersionDate "2005.11.24"]
[SourceQuality "1"]

1. e4 c5 2. b3 d6 3. Bb2 Nf6 4. Nc3 Nbd7 5. f4 e6 6. Qf3 Qc7 7. g4 h6 8. h4 Nb8 9. g5 Nfd7 10. 0-0-0 Nc6 11. Nge2 a6 12. Bh3 Nd4 13. Qf2 Nxe2+ 14. Qxe2 b5 15. g6 Nb6 16. gxf7+ Qxf7 17. e5 d5 18. Nxb5 axb5 19. Qxb5+ Qd7 20. Qxb6 Be7 21. f5 0-0 22. fxe6 Qe8 23. Rdf1 Rxa2 24. Rf7 Rxf7 25. exf7+ Kxf7 26. Be6+ Bxe6 27. Rf1+ Kg8 28. Qxe6+ Kh8 29. Rf7 Ra7 30. Qxd5 Rd7 31. Qf3 Kg8 32. e6 1-0

[Event "Serpukhov-A"]
[Site "Serpukhov"]
[Date "2004.09.01"]
[Round "9"]
[White "Rjabzev, Konstantin"]
[Black "Gusev, Vladimir A"]
[Result "1-0"]
[WhiteElo "2351"]
[BlackElo "2350"]
[PlyCount "81"]
[EventDate "2004.08.26"]
[EventType "tourn"]
[EventRounds "17"]
[EventCountry "RUS"]
[EventCategory "6"]
[SourceTitle "EXT 2006"]
[Source "ChessBase"]
[SourceDate "2005.11.24"]
[SourceVersion "1"]
[SourceVersionDate "2005.11.24"]
[SourceQuality "1"]

1. e4 e6 2. d4 d5 3. Nd2 Nf6 4. e5 Nfd7 5. Bd3 c5 6. c3 Nc6 7. Ngf3 Qb6 8. 0-0 cxd4 9. cxd4 Nxd4 10. Nxd4 Qxd4 11. Nf3 Qb6 12. a3 Nc5 13. Bc2 Bd7 14. b4 Ne4 15. Be3 Qd8 16. Qd4 a5 17. Rfd1 f5 18. exf6 Nxf6 19. Bg5 Be7 20. Qh4 Bd6 21. Re1 Rc8 22. Bd3 Kf7 23. Bf4 Ne4 24. Qh5+ g6 25. Ne5+ Bxe5 26. Qxe5 Qf6 27. Bxe4 dxe4 28. Qxe4 Bc6 29. Qe3 Rhg8 30. Bg5 Qf5 31. Qg3 h5 32. b5 Bd5 33. Rac1 Rge8 34. Rc7+ Kg8 35. b6 Qg4 36. Qxg4 hxg4 37. Rec1 Bc6 38. h3 gxh3 39. R1xc6 bxc6 40. Rxc8 Rxc8 41. Bf4 1-0

[Event "Serpukhov-A"]
[Site "Serpukhov"]
[Date "2004.08.30"]
[Round "6"]
[White "Gusev, Vladimir A"]
[Black "Krivoborodov, Egor"]
[Result "1-0"]
[WhiteElo "2350"]
[BlackElo "2359"]
[PlyCount "83"]
[EventDate "2004.08.26"]
[EventType "tourn"]
[EventRounds "17"]
[EventCountry "RUS"]
[EventCategory "6"]
[SourceTitle "EXT 2006"]
[Source "ChessBase"]
[SourceDate "2005.11.24"]
[SourceVersion "1"]
[SourceVersionDate "2005.11.24"]
[SourceQuality "1"]

1. e4 c5 2. Nf3 Nc6 3. Bb5 g6 4. 0-0 Bg7 5. d3 Nf6 6. Re1 0-0 7. Nc3 d6 8. Bxc6 bxc6 9. e5 Nd5 10. h3 Qc7 11. Nxd5 cxd5 12. Bf4 dxe5 13. Bxe5 Bxe5 14. Rxe5 f6 15. Re1 e5 16. Qd2 Bb7 17. Qc3 Qd6 18. Nd2 Rfe8 19. Rab1 Rac8 20. b4 d4 21. Qb3+ Bd5 22. Ne4 Bxb3 23. Nxd6 Bxc2 24. Rbc1 Bxd3 25. Nxe8 Rxe8 26. Rxc5 Bf5 27. g4 Be6 28. g5 Bxa2 29. gxf6 Rf8 30. Ra1 Be6 31. Rxe5 Kf7 32. Rxa7+ Kxf6 33. Re4 Bxh3 34. Rxh7 Bf5 35. Rxd4 Rb8 36. Rc7 Ke5 37. Rdc4 Bd3 38. R7c5+ Kf6 39. Rd4 Be2 40. f4 Rb6 41. Kf2 Ba6 42. Rcd5 1-0

[Event "Serpukhov-A"]
[Site "Serpukhov"]
[Date "2004.08.29"]
[Round "4"]
[White "Gusev, Vladimir A"]
[Black "Zubarev, Alexander2222"]
[Result "1/2-1/2"]
[WhiteElo "2350"]
[BlackElo "2460"]
[PlyCount "73"]
[EventDate "2004.08.26"]
[EventType "tourn"]
[EventRounds "17"]
[EventCountry "RUS"]
[EventCategory "6"]
[SourceTitle "EXT 2006"]
[Source "ChessBase"]
[SourceDate "2005.11.24"]
[SourceVersion "1"]
[SourceVersionDate "2005.11.24"]
[SourceQuality "1"]

1. e4 c5 2. Nf3 Nc6 3. Bb5 Na5 4. 0-0 a6 5. Be2 b5 6. a4 b4 7. d4 cxd4 8. Qxd4 Nc6 9. Qe3 e6 10. c4 d6 11. b3 Qc7 12. Bb2 e5 13. Ne1 Nf6 14. Nd3 Be7 15. Nd2 0-0 16. Qg3 Bb7 17. Rae1 g6 18. f4 exf4 19. Qxf4 Nd7 20. Nf3 f6 21. Qh6 Nce5 22. Nd4 Qb6 23. Qe3 Rae8 24. a5 Qxa5 25. Ne6 Rf7 26. Bd4 Nxd3 27. Qxd3 Nc5 28. Bxc5 dxc5 29. Qd7 Rb8 30. Ng5 Qd8 31. Qe6 Qe8 32. Nxf7 Qxf7 33. Qb6 Qf8 34. Bg4 Kg7 35. Qc7 Kh8 36. e5 f5 37. Rd1 1/2-1/2

[Event "Serpukhov-A"]
[Site "Serpukhov"]
[Date "2004.08.26"]
[Round "1"]
[White "Chebotarev, Oleg"]
[Black "Gusev, Vladimir A"]
[Result "0-1"]
[WhiteElo "2421"]
[BlackElo "2350"]
[PlyCount "58"]
[EventDate "2004.08.26"]
[EventType "tourn"]
[EventRounds "17"]
[EventCountry "RUS"]
[EventCategory "6"]
[SourceTitle "EXT 2006"]
[Source "ChessBase"]
[SourceDate "2005.11.24"]
[SourceVersion "1"]
[SourceVersionDate "2005.11.24"]
[SourceQuality "1"]

1. e4 e6 2. d3 d5 3. Nd2 Nf6 4. Ngf3 Be7 5. g3 dxe4 6. dxe4 b6 7. Bb5+ Bd7 8. Bd3 0-0 9. e5 Ne8 10. Qe2 Nc6 11. c3 f5 12. exf6 Nxf6 13. Ne4 Qe8 14. Nxf6+ Bxf6 15. Be4 Kh8 16. Be3 Rb8 17. 0-0-0 Ne7 18. Bf4 Nd5 19. Bg5 Bxc3 20. Qc2 Ba4 21. b3 Nb4 22. Qe2 Bc6 23. a3 Bxe4 24. Qxe4 Nd5 25. Rd3 Qf7 26. Kc2 c5 27. Bc1 Qf5 28. Ng5 Qxf2+ 29. Bd2 Rf5 0-1

[Event "URS-ch Army"]
[Site "Odessa"]
[Date "1991.??.??"]
[Round "?"]
[White "Belikov, Vladimir"]
[Black "Gusev, Vladimir A"]
[Result "0-1"]
[WhiteElo "2415"]
[BlackElo "2345"]
[PlyCount "84"]
[EventDate "1991.??.??"]
[EventType "tourn"]
[EventRounds "13"]
[EventCountry "URS"]
[EventCategory "5"]
[SourceTitle "TD"]
[Source "ChessBase"]
[SourceDate "1994.03.01"]
[SourceVersion "1"]
[SourceVersionDate "1994.03.01"]
[SourceQuality "1"]

1. e4 e6 2. d4 d5 3. Nd2 Nc6 4. c3 e5 5. dxe5 Nxe5 6. Ngf3 Nxf3+ 7. Nxf3 Nf6 8. e5 Ne4 9. Bd3 Nc5 10. Bc2 Bg4 11. h3 Bh5 12. Be3 Be7 13. Qe2 c6 14. g4 Bg6 15. Bf5 Qa5 16. Nd4 Qa6 17. Qxa6 Nxa6 18. 0-0-0 Nc7 19. h4 c5 20. Nb3 b6 21. h5 Bxf5 22. gxf5 0-0-0 23. Rdg1 Ne8 24. h6 g6 25. f4 Nc7 26. f6 Bf8 27. f5 gxf5 28. Rh5 Ne6 29. Rxf5 d4 30. cxd4 Nxd4 31. Nxd4 cxd4 32. Bd2 Kd7 33. Rh5 Ke6 34. a3 Rd5 35. Bf4 d3 36. Kd2 Bc5 37. Rg3 Bd4 38. b3 Bb2 39. Rxd3 Bc1+ 40. Kxc1 Rxd3 41. Kc2 Rf3 42. Bd2 Rf2 0-1

[Event "URS-ch Army"]
[Site "Odessa"]
[Date "1991.??.??"]
[Round "?"]
[White "Deuch, Y."]
[Black "Gusev, Vladimir A"]
[Result "1/2-1/2"]
[WhiteElo "2300"]
[BlackElo "2345"]
[PlyCount "81"]
[EventDate "1991.??.??"]
[EventType "tourn"]
[EventRounds "13"]
[EventCountry "URS"]
[EventCategory "5"]
[SourceTitle "TD"]
[Source "ChessBase"]
[SourceDate "1994.03.01"]
[SourceVersion "1"]
[SourceVersionDate "1994.03.01"]
[SourceQuality "1"]

1. Nf3 f5 2. g3 Nf6 3. Bg2 g6 4. 0-0 Bg7 5. d4 0-0 6. c4 d6 7. Nc3 c6 8. b3 a5 9. Bb2 Ne4 10. Nxe4 fxe4 11. Ne1 d5 12. Nc2 Be6 13. Ne3 Bh6 14. Qd2 Nd7 15. cxd5 cxd5 16. f4 exf3 17. exf3 Nf6 18. Rfe1 Qd7 19. Qe2 Rfc8 20. Nd1 Ra6 21. Nf2 Bf5 22. Nd3 Bxd3 23. Qxd3 Rac6 24. Re2 Bc1 25. Bxc1 Rxc1+ 26. Rxc1 Rxc1+ 27. Kf2 Kf7 28. Qe3 Rc7 29. Qh6 Rc6 30. Bh3 Qc7 31. Qe3 Rc2 32. Be6+ Kg7 33. Qd3 Rc1 34. Qe3 b6 35. Bh3 Kf7 36. Be6+ Kg7 37. Bh3 Rc2 38. Rxc2 Qxc2+ 39. Qe2 Qxe2+ 40. Kxe2 Kf7 41. Kd3 1/2-1/2

[Event "URS-ch Army"]
[Site "Odessa"]
[Date "1991.??.??"]
[Round "?"]
[White "Gusev, Vladimir A"]
[Black "Totsky, Leonid"]
[Result "0-1"]
[WhiteElo "2345"]
[BlackElo "2300"]
[PlyCount "77"]
[EventDate "1991.??.??"]
[EventType "tourn"]
[EventRounds "13"]
[EventCountry "URS"]
[EventCategory "5"]
[SourceTitle "TD"]
[Source "ChessBase"]
[SourceDate "1994.03.01"]
[SourceVersion "1"]
[SourceVersionDate "1994.03.01"]
[SourceQuality "1"]

1. e4 e6 2. d4 d5 3. Nc3 Bb4 4. Bd3 dxe4 5. Bxe4 Nf6 6. Bf3 c5 7. Nge2 Nc6 8. Be3 cxd4 9. Nxd4 Ne5 10. 0-0 Nxf3+ 11. Qxf3 Bxc3 12. bxc3 Qd5 13. Qe2 0-0 14. c4 Qe5 15. Nf3 Qh5 16. Bd4 b6 17. Rab1 Ba6 18. Rfe1 Rfd8 19. Qd2 Nd7 20. Qf4 Bxc4 21. Ne5 Nxe5 22. Rxe5 Qh6 23. Qf3 f6 24. Re3 Bd5 25. Qe2 Bxa2 26. Rd1 e5 27. Bb2 Qg6 28. Re1 Rac8 29. Qa6 Bd5 30. Rg3 Qf7 31. Bc1 Kh8 32. c3 Bc4 33. Qa3 Rd7 34. f4 exf4 35. Bxf4 Re8 36. Rxe8+ Qxe8 37. Re3 Rd1+ 38. Kf2 Rf1+ 39. Kg3 0-1

[Event "URS-ch Army"]
[Site "Odessa"]
[Date "1991.??.??"]
[Round "?"]
[White "Podgaets, Mikhail"]
[Black "Gusev, Vladimir A"]
[Result "1-0"]
[WhiteElo "2450"]
[BlackElo "2345"]
[PlyCount "45"]
[EventDate "1991.??.??"]
[EventType "tourn"]
[EventRounds "13"]
[EventCountry "URS"]
[EventCategory "5"]
[SourceTitle "TD"]
[Source "ChessBase"]
[SourceDate "1994.03.01"]
[SourceVersion "1"]
[SourceVersionDate "1994.03.01"]
[SourceQuality "1"]

1. d4 Nf6 2. Nf3 d5 3. c4 e6 4. Nc3 Be7 5. Bg5 h6 6. Bh4 0-0 7. e3 b6 8. Be2 Bb7 9. Bxf6 Bxf6 10. cxd5 exd5 11. 0-0 Qe7 12. Qb3 Rd8 13. Rad1 c6 14. Rfe1 Na6 15. e4 dxe4 16. Nxe4 Nc7 17. Bc4 Nd5 18. Qc2 g6 19. h4 h5 20. a3 Bg7 21. Neg5 Qd6 22. Nxf7 Kxf7 23. Ng5+ 1-0

[Event "Belgorod"]
[Site "Belgorod"]
[Date "1990.??.??"]
[Round "?"]
[White "Krasenkow, Michal"]
[Black "Gusev, Vladimir A"]
[Result "1/2-1/2"]
[WhiteElo "2545"]
[BlackElo "2360"]
[PlyCount "35"]
[EventDate "1990.??.??"]
[EventType "tourn"]
[EventRounds "15"]
[EventCountry "URS"]
[EventCategory "9"]
[SourceTitle "EXT 1999"]
[Source "ChessBase"]
[SourceDate "1998.11.16"]
[SourceVersion "1"]
[SourceVersionDate "1998.11.16"]
[SourceQuality "1"]

1. Nf3 d5 2. c4 e6 3. d4 Nf6 4. Nc3 Be7 5. Bg5 h6 6. Bh4 0-0 7. e3 b6 8. Be2 dxc4 9. Bxc4 Bb7 10. Qe2 Ne4 11. Nxe4 Bxe4 12. Bxe7 Qxe7 13. 0-0 Nd7 14. Rac1 Rfd8 15. Bb5 c5 16. Rfd1 Rac8 17. h3 Nf6 18. Ba6 1/2-1/2

[Event "Belgorod"]
[Site "Belgorod"]
[Date "1990.??.??"]
[Round "?"]
[White "Szekely, Peter"]
[Black "Gusev, Vladimir A"]
[Result "1-0"]
[WhiteElo "2420"]
[BlackElo "2360"]
[PlyCount "43"]
[EventDate "1990.??.??"]
[EventType "tourn"]
[EventRounds "15"]
[EventCountry "URS"]
[EventCategory "9"]
[SourceTitle "EXT 1999"]
[Source "ChessBase"]
[SourceDate "1998.11.16"]
[SourceVersion "1"]
[SourceVersionDate "1998.11.16"]
[SourceQuality "1"]

1. Nf3 d5 2. c4 e6 3. g3 Nf6 4. Bg2 dxc4 5. Qa4+ Nbd7 6. Qxc4 c5 7. Qb3 Rb8 8. a4 Be7 9. 0-0 0-0 10. d3 b6 11. Bf4 e5 12. Nxe5 Nxe5 13. Bxe5 Bd6 14. Bxd6 Qxd6 15. Nd2 Re8 16. Rfe1 Bg4 17. Nf3 Nd5 18. Ng5 Rbd8 19. e4 Qe7 20. Nxf7 Kxf7 21. Re3 Qg5 22. Rae1 1-0

[Event "Belgorod"]
[Site "Belgorod"]
[Date "1990.??.??"]
[Round "?"]
[White "Vasiukov, Evgeni"]
[Black "Gusev, Vladimir A"]
[Result "1-0"]
[WhiteElo "2545"]
[BlackElo "2360"]
[PlyCount "52"]
[EventDate "1990.??.??"]
[EventType "tourn"]
[EventRounds "15"]
[EventCountry "URS"]
[EventCategory "9"]
[SourceTitle "EXT 1999"]
[Source "ChessBase"]
[SourceDate "1998.11.16"]
[SourceVersion "1"]
[SourceVersionDate "1998.11.16"]
[SourceQuality "1"]

1. e4 e5 2. Nf3 Nc6 3. Bc4 Nf6 4. d3 Be7 5. 0-0 d6 6. c3 Na5 7. Bb5+ c6 8. Ba4 b5 9. Bc2 c5 10. d4 Qc7 11. Nbd2 0-0 12. Re1 Re8 13. h3 Bf8 14. d5 g6 15. Nf1 Nh5 16. N3h2 Bg7 17. Ng4 Rf8 18. g3 b4 19. Nfe3 Rb8 20. Bd2 bxc3 21. Bxc3 Nf6 22. Qd2 Nb7 23. f4 Nxe4 24. Bxe4 f5 25. fxe5 dxe5 26. d6 Nxd6 1-0

[Event "Belgorod"]
[Site "Belgorod"]
[Date "1990.??.??"]
[Round "?"]
[White "Zilberman, Nathan R"]
[Black "Gusev, Vladimir A"]
[Result "1-0"]
[WhiteElo "2455"]
[BlackElo "2360"]
[PlyCount "53"]
[EventDate "1990.??.??"]
[EventType "tourn"]
[EventRounds "15"]
[EventCountry "URS"]
[EventCategory "9"]
[SourceTitle "EXT 1999"]
[Source "ChessBase"]
[SourceDate "1998.11.16"]
[SourceVersion "1"]
[SourceVersionDate "1998.11.16"]
[SourceQuality "1"]

1. d4 Nf6 2. Nf3 g6 3. c4 Bg7 4. Nc3 d5 5. Bg5 c5 6. dxc5 Qa5 7. cxd5 Ne4 8. Bd2 Nxd2 9. Qxd2 Na6 10. e3 Nxc5 11. Bb5+ Bd7 12. Bxd7+ Nxd7 13. 0-0 Nc5 14. Rab1 Qa6 15. b4 Nd7 16. Ne4 0-0 17. Nc5 Nxc5 18. bxc5 Rfd8 19. e4 Rac8 20. Rfc1 Rc7 21. e5 Rcd7 22. d6 exd6 23. cxd6 Re8 24. Qd5 h6 25. Rc7 Rxc7 26. dxc7 Qe6 27. Qxe6 1-0

[Event "URS-chT Army"]
[Site "Leningrad"]
[Date "1989.??.??"]
[Round "?"]
[White "Gusev, Vladimir A"]
[Black "Novik, Maxim"]
[Result "1-0"]
[WhiteElo "2360"]
[BlackElo "2380"]
[PlyCount "113"]
[EventDate "1989.??.??"]
[EventType "team-swiss"]
[EventRounds "14"]
[EventCountry "URS"]
[SourceTitle "TD"]
[Source "ChessBase"]
[SourceDate "1994.03.01"]
[SourceVersion "1"]
[SourceVersionDate "1994.03.01"]
[SourceQuality "1"]

1. e4 c5 2. Nf3 Nc6 3. Bb5 g6 4. 0-0 Bg7 5. Re1 e5 6. c3 Nge7 7. d4 cxd4 8. cxd4 Nxd4 9. Nxd4 exd4 10. Bg5 0-0 11. Nd2 Re8 12. Rc1 Qa5 13. Qb3 a6 14. Bc4 d5 15. exd5 b5 16. Bxe7 bxc4 17. Nxc4 Qxd5 18. Nd6 Qxb3 19. axb3 Rxe7 20. Rxe7 Be6 21. Re8+ Rxe8 22. Nxe8 Be5 23. Nc7 Bf4 24. Rc5 Bxb3 25. Nd5 d3 26. Rc8+ Kg7 27. Rd8 Bc1 28. Ne3 d2 29. Rd3 Ba4 30. b4 Bb5 31. Rd4 Bb2 32. Rxd2 Bc3 33. Ra2 Bxb4 34. Nd5 Bd6 35. Nc3 Be7 36. Nxb5 axb5 37. Ra7 Kf6 38. g4 Ke6 39. h4 Bd6 40. Rb7 b4 41. Kg2 Bf8 42. Kf3 Bc5 43. Ke2 Bd6 44. f3 Bc5 45. f4 Bd6 46. Ke3 Bc5+ 47. Ke4 Be7 48. h5 Bc5 49. h6 Bd6 50. Ra7 Be7 51. Ra6+ Bd6 52. Rb6 Kd7 53. Kd5 Bxf4 54. Rf6 Bg5 55. Rxf7+ Ke8 56. Ke6 Bxh6 57. Rxh7 1-0

[Event "URS"]
[Site "Soviet Union"]
[Date "1986.??.??"]
[Round "?"]
[White "Vasiliev, Rustam N"]
[Black "Gusev, Vladimir A"]
[Result "0-1"]
[WhiteElo "2390"]
[BlackElo "2360"]
[PlyCount "30"]
[EventDate "1986.??.??"]
[EventType "game"]
[EventRounds "9"]
[EventCountry "URS"]
[SourceTitle "EXT 2004"]
[Source "ChessBase"]
[SourceDate "2003.11.25"]
[SourceVersion "1"]
[SourceVersionDate "2003.11.25"]
[SourceQuality "1"]

1. d4 d5 2. c4 e5 3. dxe5 d4 4. e4 Nc6 5. f4 f6 6. exf6 Nxf6 7. Bd3 Bb4+ 8. Bd2 0-0 9. Ne2 Ng4 10. 0-0 Qh4 11. h3 Bxd2 12. Qxd2 Ne3 13. Rf3 Ne5 14. Rg3 Rxf4 15. Na3 Bxh3 0-1

[Event "RSFSR-ch"]
[Site "Kazan"]
[Date "1980.??.??"]
[Round "?"]
[White "Psakhis, Lev"]
[Black "Gusev, Vladimir A"]
[Result "1-0"]
[WhiteElo "2535"]
[BlackElo "2410"]
[PlyCount "65"]
[EventDate "1980.??.??"]
[EventType "tourn"]
[EventRounds "13"]
[EventCountry "URS"]
[SourceTitle "EXT 2002"]
[Source "ChessBase"]
[SourceDate "2001.11.25"]
[SourceVersion "1"]
[SourceVersionDate "2001.11.25"]
[SourceQuality "1"]

1. e4 e5 2. Nf3 Nc6 3. Bb5 a6 4. Ba4 Nf6 5. 0-0 Be7 6. Re1 d6 7. c3 Bg4 8. d3 0-0 9. h3 Bh5 10. Nbd2 b5 11. Bc2 d5 12. Qe2 d4 13. g4 dxc3 14. bxc3 Bg6 15. Nf1 Nd7 16. Ng3 f6 17. Nh4 Bf7 18. Nhf5 Re8 19. d4 Bf8 20. Rd1 Qc8 21. Bb3 Nd8 22. Nf1 Nb6 23. N1g3 exd4 24. cxd4 c5 25. dxc5 Bxc5 26. Nh5 Bf8 27. Bb2 Bxb3 28. axb3 Nf7 29. Bxf6 gxf6 30. Nxf6+ Kh8 31. Qb2 Re5 32. Nd5 Bc5 33. Nh6 1-0